000 00507nam a2200193Ia 4500
008 191130s2008##################000#0#eng##
020 _a9788130907727
040 _aACL
_cACL
082 _a332.042 ABD
100 _aAbdelal, Rawi
245 _aCapital rules
_cRawi Abdelal
250 _a1st ed
260 _aCambridge, MA
_bHarvard University Press
_c2008
300 _axi, 304 p ; 23 cm
650 _aEconomics
990 _a2e3fc142ac10000c363def337629937e
991 _a148968
999 _c123713
_d123713